00341nam a2200133Ia 4500003000400000008004100004040001600045082001600061100001400077245004000091260004800131300001100179650001700190GCL140319s9999 xx 000 0 eng d aGCL / cGCL04a004.53bH C1 aHANDY,JIM10aTHE CACHE MEMOTY BOOK / cHANDY,JIM a[S.N] : bACADEMIC PRESS LIMITED. ، c1993 a269 PP04aCACHE MEMORY